000 00281nam a2200121Ia 4500
008 190216s9999||||xx |||||||||||||| ||und||
100 _aTheraja B L
245 0 _aBasic Eletronics Solid State
260 _bS Chand & Co
_c1998
300 _a636p
650 _aPhysics
942 _cBK
999 _c33362
_d33362